Prądy morskie - Statystyki

Ogólne statystyki
  • Ten quiz został rozwiązany 2 662 razy
  • Średni wynik to 13 z 36
Statystyki odpowiedzi
Obrazkowy Odpowiedź % Poprawnych
Brazylijski
87%
Benguelski
68%
Norweski
59%
Gwinejski
58%
Karaibski
58%
Labradorski
58%
Peruwiański
58%
Kanaryjski
57%
Gujański
55%
Somalijski
55%
Kalifornijski
54%
Zachodnioaustralijski
54%
Wschodnioaustralijski
47%
Kuro Siwo
42%
Oja Siwo
42%
Mozambicki
41%
Wschodniogrenlandzki
39%
Monsunowy
37%
Zatokowy
37%
Północnoatlantycki
32%
Północnorównikowy
29%
Południoworównikowy
29%
Zachodniogrenlandzki
29%
Agulhas
26%
Równikowy Wsteczny
21%
Falklandzki
20%
Wiatrów Wschodnich
20%
Wiatrów Zachodnich
20%
Florydzki
19%
Antylski
16%
Alaskański
15%
Wschodniomadagaskarski
12%
Aleucki
5%
Cromwella
5%
Irmingera
5%
Łomonosowa
5%
Nie znaleziono quizów pasujących do podanych kryteriów
Rozkład punktacji
Procent ludzi z każdym wynikiem
Percentyl według liczby udzielonych odpowiedzi
Twoja historia wyników
Nie rozwiązałeś tego quizu